| 000 | 00453nam a22001577a 4500 | ||
|---|---|---|---|
| 022 | _a8120409914 | ||
| 082 |
_a624.152 _bBOR _cL-37, P-164 |
||
| 100 |
_aBorovikov, A.A _942577 |
||
| 110 |
_aOxford & IBH Publishing Co Pvt Ltd New Delhi _942578 |
||
| 245 | _aModelling the Effects of Blasting on Rock Breakage | ||
| 260 | _aNew Delhi | ||
| 300 |
_a238p.: _bill.; |
||
| 526 |
_a0 _b0 _c0 _d624_152000000000000_BOR |
||
| 650 |
_aMCE _9379 |
||
| 942 |
_2ddc _cBK |
||
| 999 |
_c546453 _d546453 |
||